| 000 | 00603nam a2200205 i 4500 | ||
|---|---|---|---|
| 003 | DO-SdBNP | ||
| 005 | 20240419090137.0 | ||
| 007 | ta | ||
| 008 | 230721b? dr a|||| |||| 00| 0 spa d | ||
| 040 |
_aDO-SdBNP _bspa _cBNPHU _erda |
||
| 082 | 4 |
_222 _bP699e |
|
| 245 | _aPlan exclusivo universal. | ||
| 264 |
_aSanto Domingo : _bUniversal, _c[sin fecha] |
||
| 300 |
_a21 página : _bIlustraciones, fotografía, retratos ; _c22 cm. |
||
| 336 |
_2rdacontent _atexto _btxt |
||
| 337 |
_2rdamedia _asin medición _bn |
||
| 338 |
_2rdacarrier _avolumen _bnc |
||
| 590 | _aInventariado 2023 / MF | ||
| 942 |
_2ddc _cLF2 |
||
| 999 |
_c54238 _d54238 |
||